Minimum SPA

Príprava materiálu s názvom Minimum SPA, ktorý bude zbierkou stanovujúcou nevyhnutné minimum z hľadiska služieb, vybavenia, ponuky a ostatných kritérií pre SPA centrá. Certifikácia SPA centier. Unifikácia kritérií aj v západoeurópskych štátoch. Vybrané kritériá.

Saved in:
Bibliographic Details
Main Author: Cathala, Hana
Format: Book Chapter
Language:Slovak
Subjects:
Tags: Add Tag
No Tags, Be the first to tag this record!

MARC

LEADER 00000naa$a2200000$$$4500
001 0100937
005 20231011125324.2
041 0 |a slo 
044 |a SK 
245 1 0 |a Minimum SPA  |c Hana Cathala 
520 |a Príprava materiálu s názvom Minimum SPA, ktorý bude zbierkou stanovujúcou nevyhnutné minimum z hľadiska služieb, vybavenia, ponuky a ostatných kritérií pre SPA centrá. Certifikácia SPA centier. Unifikácia kritérií aj v západoeurópskych štátoch. Vybrané kritériá. 
610 2 0 |a zdravie 
610 2 0 |a relaxácia 
610 2 0 |a oddych 
610 2 0 |a služby 
610 2 0 |a certifikácia 
100 1 |a Cathala, Hana